मीरा एक वसंत आहे / (Record no. 47717)

MARC details
000 -LEADER
fixed length control field 01147nam a22002777a 4500
005 - DATE AND TIME OF LATEST TRANSACTION
control field 20100918105748.0
008 - FIXED-LENGTH DATA ELEMENTS--GENERAL INFORMATION
fixed length control field 100918t xxu||||| |||| 00| 0 mar d
010 ## - LCCN (DPL NO)
LC control number MAR-20290
020 ## - INTERNATIONAL STANDARD BOOK NUMBER
Terms of availability 150.00
International Standard Book Number 9788184981308
035 ## - SYSTEM CONTROL NUMBER
System control number MR-12948
037 ## - SOURCE OF ACQUISITION
Source of stock number/acquisition DBAD/PUB
040 ## - CATALOGING SOURCE
Original cataloging agency DPL
Language of cataloging MR
082 ## - DEWEY DECIMAL CLASSIFICATION NUMBER
Classification number 181.499
100 ## - MAIN ENTRY--PERSONAL NAME
9 (RLIN) 20631
Personal name ओशो
245 ## - TITLE STATEMENT
Title मीरा एक वसंत आहे /
Statement of responsibility, etc ओशो: स्वाती चांदोरकर द्वारा अनुवादित
246 ## - VARYING FORM OF TITLE
Title proper/short title Meera Ek Vasant Ahe
Remainder of title by Osho
260 ## - PUBLICATION, DISTRIBUTION, ETC. (IMPRINT)
Place of publication, distribution, etc पुणे
Name of publisher, distributor, etc मेहता पब्लिशिंग हाऊस
Date of publication, distribution, etc 2010
270 ## - ADDRESS
Address 1941, सदाशिव पेठ,माडीवाले कॉलनी
City पुणे
300 ## - PHYSICAL DESCRIPTION
Extent सात,188पृ
Dimensions 21 सेमी (अजिल्द)
650 ## - SUBJECT ADDED ENTRY--TOPICAL TERM
9 (RLIN) 20632
650 ## - SUBJECT ADDED ENTRY--TOPICAL TERM
9 (RLIN) 20633
700 ## - ADDED ENTRY--PERSONAL NAME
9 (RLIN) 21188
700 ## - ADDED ENTRY--PERSONAL NAME
9 (RLIN) 21189
942 ## - ADDED ENTRY ELEMENTS (KOHA)
Source of classification or shelving scheme Dewey Decimal Classification
Item type Marathi Books
Call number suffix ओशोमी
Classification part 181.499
Holdings
Withdrawn status Lost status Source of classification or shelving scheme Damaged status Not for loan Collection code Home library Current library Date acquired Source of acquisition Cost, normal purchase price Total Checkouts Full call number Barcode Date last seen Copy number Cost, replacement price Koha item type
    Dewey Decimal Classification   Not For Loan Non-fiction D.B.Act.Division D.B.Act.Division 24/09/2010 DBAD / PUB 150.00   181.499 ओशोमी MR-12948 24/09/2010 1 150.00 Marathi Books

© Delhi Public Library
Hit Counter
free hit counter